<?xml version="1.0" encoding="UTF-8"?>
<collection xmlns="http://www.loc.gov/MARC21/slim">
 <record>
  <leader>01794cam a22003852  4500</leader>
  <controlfield tag="001">1134794665</controlfield>
  <controlfield tag="003">DE-627</controlfield>
  <controlfield tag="005">20230623174530.0</controlfield>
  <controlfield tag="007">tu</controlfield>
  <controlfield tag="008">980316s1978    xx |||||      00| ||fre c</controlfield>
  <datafield tag="035" ind1=" " ind2=" ">
   <subfield code="a">(DE-627)1134794665</subfield>
  </datafield>
  <datafield tag="035" ind1=" " ind2=" ">
   <subfield code="a">(DE-576)064794660</subfield>
  </datafield>
  <datafield tag="035" ind1=" " ind2=" ">
   <subfield code="a">(DE-599)BSZ064794660</subfield>
  </datafield>
  <datafield tag="035" ind1=" " ind2=" ">
   <subfield code="a">(OCoLC)05314933</subfield>
  </datafield>
  <datafield tag="040" ind1=" " ind2=" ">
   <subfield code="a">DE-627</subfield>
   <subfield code="b">ger</subfield>
   <subfield code="c">DE-627</subfield>
   <subfield code="e">rakwb</subfield>
  </datafield>
  <datafield tag="041" ind1=" " ind2=" ">
   <subfield code="a">fre</subfield>
  </datafield>
  <datafield tag="084" ind1=" " ind2=" ">
   <subfield code="a">1</subfield>
   <subfield code="2">ssgn</subfield>
  </datafield>
  <datafield tag="245" ind1="1" ind2="4">
   <subfield code="a">Une translation de reliques à Gand en 944</subfield>
   <subfield code="b">le sermo de Adventu Sanctorum Wandregisili, Ansberti et Vulframni in Blandinium</subfield>
   <subfield code="c">Publ. avec une introd. et des notes par N.-N. Huyghebaert</subfield>
  </datafield>
  <datafield tag="264" ind1=" " ind2="1">
   <subfield code="a">Bruxelles</subfield>
   <subfield code="b">Palais des Acad.</subfield>
   <subfield code="c">1978</subfield>
  </datafield>
  <datafield tag="300" ind1=" " ind2=" ">
   <subfield code="a">CXXXV, 74 S.</subfield>
  </datafield>
  <datafield tag="336" ind1=" " ind2=" ">
   <subfield code="a">Text</subfield>
   <subfield code="b">txt</subfield>
   <subfield code="2">rdacontent</subfield>
  </datafield>
  <datafield tag="337" ind1=" " ind2=" ">
   <subfield code="a">ohne Hilfsmittel zu benutzen</subfield>
   <subfield code="b">n</subfield>
   <subfield code="2">rdamedia</subfield>
  </datafield>
  <datafield tag="338" ind1=" " ind2=" ">
   <subfield code="a">Band</subfield>
   <subfield code="b">nc</subfield>
   <subfield code="2">rdacarrier</subfield>
  </datafield>
  <datafield tag="583" ind1="1" ind2=" ">
   <subfield code="a">Archivierung prüfen</subfield>
   <subfield code="c">20200919</subfield>
   <subfield code="f">DE-640</subfield>
   <subfield code="z">3</subfield>
   <subfield code="2">pdager</subfield>
  </datafield>
  <datafield tag="583" ind1="1" ind2=" ">
   <subfield code="a">Archivierung/Langzeitarchivierung gewährleistet</subfield>
   <subfield code="f">SSG</subfield>
   <subfield code="2">pdager</subfield>
   <subfield code="5">DE-21</subfield>
  </datafield>
  <datafield tag="600" ind1="0" ind2="7">
   <subfield code="0">(DE-588)100971113</subfield>
   <subfield code="0">(DE-627)690356579</subfield>
   <subfield code="0">(DE-576)257358242</subfield>
   <subfield code="a">Ansbertus</subfield>
   <subfield code="c">Rothomagensis</subfield>
   <subfield code="d">-693</subfield>
   <subfield code="2">gnd</subfield>
  </datafield>
  <datafield tag="600" ind1="0" ind2="7">
   <subfield code="0">(DE-588)138467005</subfield>
   <subfield code="0">(DE-627)696651408</subfield>
   <subfield code="0">(DE-576)307697592</subfield>
   <subfield code="a">Wulfram</subfield>
   <subfield code="d">650-720</subfield>
   <subfield code="2">gnd</subfield>
  </datafield>
  <datafield tag="650" ind1="0" ind2="7">
   <subfield code="0">(DE-588)4022930-0</subfield>
   <subfield code="0">(DE-627)104682906</subfield>
   <subfield code="0">(DE-576)208946535</subfield>
   <subfield code="a">Hagiografie</subfield>
   <subfield code="2">gnd</subfield>
  </datafield>
  <datafield tag="650" ind1="0" ind2="7">
   <subfield code="0">(DE-588)4138759-4</subfield>
   <subfield code="0">(DE-627)105640298</subfield>
   <subfield code="0">(DE-576)209688769</subfield>
   <subfield code="a">Reliquienkult</subfield>
   <subfield code="2">gnd</subfield>
  </datafield>
  <datafield tag="700" ind1="1" ind2=" ">
   <subfield code="a">Huyghebaert, Nicolas</subfield>
   <subfield code="d">1912-1982</subfield>
   <subfield code="e">Hrsg.</subfield>
   <subfield code="0">(DE-588)140582517</subfield>
   <subfield code="0">(DE-627)619813784</subfield>
   <subfield code="0">(DE-576)167063227</subfield>
   <subfield code="4">edt</subfield>
  </datafield>
  <datafield tag="787" ind1="0" ind2="8">
   <subfield code="i">Rezensiert in</subfield>
   <subfield code="a">Heinzelmann, Martin, 1942 - </subfield>
   <subfield code="t">[Rezension von: Nicolas Huyghebaert, Une translation de reliques à Gand en 944]</subfield>
   <subfield code="d">München : Artemis Verlag, 1980</subfield>
   <subfield code="w">(DE-627)1580141218</subfield>
   <subfield code="w">(DE-576)510141218</subfield>
  </datafield>
  <datafield tag="935" ind1=" " ind2=" ">
   <subfield code="a">mteo</subfield>
  </datafield>
  <datafield tag="951" ind1=" " ind2=" ">
   <subfield code="a">BO</subfield>
  </datafield>
  <datafield tag="991" ind1=" " ind2=" ">
   <subfield code="a">Rezensiertes Werk</subfield>
  </datafield>
  <datafield tag="999" ind1=" " ind2=" ">
   <subfield code="a">KXP-PPN1134794665</subfield>
   <subfield code="e">4485871320</subfield>
  </datafield>
 </record>
</collection>
